01038nab a22002177a 450000500170000000800410001704000250005804100080008304400070009110000320009824501030013024600840023326000810031730000070039852001420040565000340054765000240058165000260060570000340063177301550066520180803170425.0170922b2010 ck |||||r|||| 00| 0 spa d aCO-BoIAVHcCO-BoIAVH aspa ack1 aAndrade, Germán I.eautor10aTipos, modos de regeneración y gobernanza del conocimiento para la gestión de la biodiversidad13aTypes, modes of production and knowledge governance for biodiversity management aBogotá (Colombia) : bPontificia Universidad Javeriana. IDEADE-DET,c2010. ap. aSe presentan elementos conceptuales de una reflexión sobre la interfaz Ciencia-Política en el manejo de la biodiversidad en Colombia.24aGestión de la biodiversidad24aCiencia interactiva24aRedes de conocimiento1 aWills Herrera, Eduardoeautor0 017523aPontificia Universidad Javeriana:dColombia: Universidad Javeriana Ideade-det, 2002-o029730tAmbiente y Desarrollox0121-7607gpáginas 56-75